Палеонтологический метод в практической стратиграфии: сборник научных трудов

書誌詳細
団体著者: Академия наук СССР (АН СССР) Институт геологии и разработки горючих ископаемых (ИГиРГИ)
その他の著者: Смирнова Т. Н. (редактор)
言語:ロシア語
出版事項: Москва, ИГИРГИ, 1989
主題:
フォーマット: MixedMaterials 図書
KOHA link:https://koha.lib.tpu.ru/cgi-bin/koha/opac-detail.pl?biblionumber=254862

MARC

LEADER 00000nam0a2200000 4500
001 254862
005 20231101232956.0
035 |a (RuTPU)RU\TPU\book\277363 
090 |a 254862 
100 |a 20140324d1989 k y0rusy50 ca 
101 0 |a rus 
102 |a RU 
105 |a a z 001zy 
200 1 |a Палеонтологический метод в практической стратиграфии  |e сборник научных трудов  |f Академия наук СССР (АН СССР), Институт геологии и разработки горючих ископаемых (ИГиРГИ) ; отв. ред. Т. Н. Смирнова 
210 |a Москва  |c ИГИРГИ  |d 1989 
215 |a 166 с.  |c ил. 
320 |a Библиография в конце статей 
606 1 |a Стратиграфия  |2 stltpush  |3 (RuTPU)RU\TPU\subj\57192  |9 75055 
610 1 |a ископаемые фаунистические остатки 
610 1 |a Тимано-Печорская провинция 
610 1 |a спорово-пыльцевые комплексы 
610 1 |a конодонты 
610 1 |a горные породы 
610 1 |a возраст 
610 1 |a стратиграфическое расчленение 
610 1 |a разрезы 
610 1 |a продуктивные пласты 
610 1 |a геологическая характеристика 
610 1 |a палеонтологическая характеристика 
610 1 |a Таджикская депрессия 
610 1 |a Волго-Уральский нефтегазоносный бассейн 
610 1 |a верхнедокембрийские отложения 
610 1 |a корреляция 
610 1 |a микрофитологические материалы 
610 1 |a органическое вещество 
610 1 |a метаморфизм 
610 1 |a палинологические методики 
610 1 |a петрографические исследования 
675 |a 551.7  |v 3 
702 1 |a Смирнова  |b Т. Н.  |4 340 
712 0 2 |a Академия наук СССР (АН СССР)  |b Институт геологии и разработки горючих ископаемых (ИГиРГИ)  |c (Москва)  |c (1958-????)  |2 stltpush  |3 (RuTPU)RU\TPU\col\13483 
801 1 |a RU  |b 63413507  |c 20140324 
801 2 |a RU  |b 63413507  |c 20210304  |g RCR 
942 |c BK